000 00515nam a2200157Ia 4500
008 090124s9999 xx 000 0 und d
082 _b121266
245 _a नामदार गोपाळ कृष्ण गोखले
250 _a1
260 _c1966
300 _a78
630 _a नामदार गोपाळ कृष्ण गोखले
700 _aताटके अरविंद
730 _a नामदार गोपाळ कृष्ण गोखले
942 _cBOOK
999 _c167352
_d167352